Busiest Railway Stations in the UK - Statistics

General Stats
  • This quiz has been taken 711 times
  • The average score is 21 of 40
Answer Stats
No. of Passenger Entries / Exits Station % Correct
33,904,758 London King's Cross
92%
94,355,000 London Waterloo
91%
74,955,332 London Victoria
89%
44,745,816 London Euston
88%
36,578,292 London Paddington
86%
27,724,962 Manchester Piccadilly
84%
34,622,178 London St. Pancras
82%
43,741,712 Birmingham New Street
81%
66,966,512 London Liverpool Street
79%
31,107,672 Leeds
76%
16,032,460 Liverpool Lime Street
75%
32,915,936 Glasgow Central
72%
48,453,496 London Bridge
72%
23,334,430 Edinburgh Waverley
71%
11,350,146 Bristol Temple Meads
65%
29,444,714 Clapham Junction
61%
16,979,808 Reading
58%
28,344,898 London Charing Cross
57%
16,928,828 Brighton
56%
16,693,466 London Marylebone
55%
12,951,746 Cardiff Central
54%
40,077,086 London Stratford
53%
18,398,554 London Fenchurch Street
46%
16,398,242 Glasgow Queen Street
44%
20,328,212 Gatwick Airport
42%
10,802,146 Blackfriars
41%
23,446,822 London Cannon Street
39%
11,530,238 Cambridge
35%
23,634,208 East Croydon
33%
20,618,840 Vauxhall
31%
12,618,470 Farringdon
29%
16,465,770 Liverpool Central
25%
18,509,068 Wimbledon
23%
11,493,968 Richmond
17%
29,507,772 Highbury & Islington
15%
13,473,374 Barking
12%
10,553,980 West Ham
12%
10,712,640 Lewisham
11%
24,997,200 Canada Water
7%
14,442,948 Whitechapel
7%
No matching quizzes found
Score Distribution
Percent of People with Each Score
Percentile by Number Answered
Your Score History
You have not taken this quiz